<?xml version="1.0" encoding="UTF-8"?>
<record
    xmlns:xsi="http://www.w3.org/2001/XMLSchema-instance"
    xsi:schemaLocation="http://www.loc.gov/MARC21/slim http://www.loc.gov/standards/marcxml/schema/MARC21slim.xsd"
    xmlns="http://www.loc.gov/MARC21/slim">

  <leader>01781nam a2200289Ia 4500</leader>
  <controlfield tag="001">113660</controlfield>
  <controlfield tag="003">DR-UNIBE</controlfield>
  <controlfield tag="005">20260218062603.0</controlfield>
  <controlfield tag="007">cr nn 008mamaa</controlfield>
  <controlfield tag="008">250522b2015    sp ||||| |||| 00| 0 spa d</controlfield>
  <datafield tag="020" ind1=" " ind2=" ">
    <subfield code="a">9788425433276</subfield>
  </datafield>
  <datafield tag="040" ind1=" " ind2=" ">
    <subfield code="a">BIBLIOTECA UNIBE</subfield>
    <subfield code="c">BIBLIOTECA UNIBE</subfield>
  </datafield>
  <datafield tag="245" ind1="1" ind2="0">
    <subfield code="a">Manual psicolog&#xED;a cl&#xED;nica </subfield>
  </datafield>
  <datafield tag="250" ind1="4" ind2=" ">
    <subfield code="a">Segunda edici&#xF3;n</subfield>
  </datafield>
  <datafield tag="260" ind1="4" ind2=" ">
    <subfield code="a">Barcelona :</subfield>
    <subfield code="b">Herder, </subfield>
    <subfield code="c">2015</subfield>
  </datafield>
  <datafield tag="300" ind1="4" ind2=" ">
    <subfield code="a">772 p&#xE1;ginas</subfield>
  </datafield>
  <datafield tag="490" ind1=" " ind2=" ">
    <subfield code="a">Colecci&#xF3;n salud mental</subfield>
  </datafield>
  <datafield tag="505" ind1=" " ind2=" ">
    <subfield code="a">1. Evoluci&#xF3;n de los conceptos en psicopatolog&#xED;a |
2. Enfoques y modelos en psicopatolog&#xED;a |
3. El diagn&#xF3;stico psicopatol&#xF3;gico y las clasificaciones de los trastornos mentales |
4. Tratamientos psicol&#xF3;gicos en psicopatolog&#xED;a |
5. Trastornos de la alimentaci&#xF3;n |
6. Trastornos de la sexualidad |
7. Trastornos de ansiedad |
8. Trastornos relacionados con el trauma, el estr&#xE9;s y la adaptaci&#xF3;n |
9. Trastornos f&#xF3;bicos |
10. Obsesiones |
11. Histeria y s&#xED;ndromes som&#xE1;ticos funcionales |
12. Trastornos de s&#xED;ntomas som&#xE1;ticos |
13. Trastornos depresivos |
14. Trastornos bipolares |
15. Trastornos esquizofr&#xE9;nicos |
16. Estados paranoides y trastornos delirantes |
17. Trastorno l&#xED;mite de la personalidad |
18. Trastorno narcisista de la personalidad |
19. Psicopat&#xED;a |
20. Adicciones |
21. Introducci&#xF3;n a la psicopatolog&#xED;a infantil |
22. Psicopatolog&#xED;a en la vejez |
</subfield>
  </datafield>
  <datafield tag="650" ind1=" " ind2="7">
    <subfield code="a">Psicologia clinica </subfield>
    <subfield code="2">lemb</subfield>
  </datafield>
  <datafield tag="650" ind1=" " ind2="7">
    <subfield code="a">Psicopatolog&#xED;a </subfield>
    <subfield code="2">lemb</subfield>
  </datafield>
  <datafield tag="650" ind1=" " ind2="7">
    <subfield code="a">Trastornos de la personalidad</subfield>
    <subfield code="2">lemb</subfield>
  </datafield>
  <datafield tag="700" ind1="1" ind2=" ">
    <subfield code="a">Jarne Esparcia, Adolfo</subfield>
    <subfield code="d">compilador</subfield>
    <subfield code="9">195842</subfield>
  </datafield>
  <datafield tag="700" ind1=" " ind2=" ">
    <subfield code="a"> Talarn Caparr&#xF3;s, Antoni </subfield>
    <subfield code="e">compilador</subfield>
    <subfield code="9">195843</subfield>
  </datafield>
  <datafield tag="856" ind1=" " ind2=" ">
    <subfield code="u">https://ebookcentral.proquest.com/lib/unibedr/detail.action?docID=29370990</subfield>
  </datafield>
  <datafield tag="942" ind1=" " ind2=" ">
    <subfield code="c">EB</subfield>
    <subfield code="2">ddc</subfield>
  </datafield>
  <datafield tag="951" ind1=" " ind2=" ">
    <subfield code="a">20061022 10:18:00</subfield>
  </datafield>
  <datafield tag="999" ind1=" " ind2=" ">
    <subfield code="c">113660</subfield>
    <subfield code="d">113660</subfield>
  </datafield>
  <datafield tag="952" ind1=" " ind2=" ">
    <subfield code="0">0</subfield>
    <subfield code="1">0</subfield>
    <subfield code="2">ddc</subfield>
    <subfield code="7">0</subfield>
    <subfield code="8">eTEXT</subfield>
    <subfield code="a">Principal</subfield>
    <subfield code="b">Principal</subfield>
    <subfield code="d">2025-05-22</subfield>
    <subfield code="l">0</subfield>
    <subfield code="p">EB0480</subfield>
    <subfield code="r">2025-05-22 09:27:07</subfield>
    <subfield code="w">2025-05-22</subfield>
    <subfield code="y">EB</subfield>
  </datafield>
</record>
